[Event "Open Lega"]
[Site "Treviso ITA"]
[Date "1996.??.??"]
[Round "2"]
[White "Rubinato, Cristian"]
[Black "Catturani, Emilio"]
[Result "1-0"]
[WhiteElo "1519"]
[BlackElo "1743"]
[PlyCount "100"]
[EventDate "1996.??.??"]

1. d4 Nf6 2. Nf3 d5 3. c4 g6 4. cxd5 Nxd5 5. e4 Nb6 6. Be2 Bg7 7. O-O O-O 8.
Nc3 Bg4 9. d5 c6 10. h3 Bxf3 11. Bxf3 cxd5 12. exd5 Nc4 13. Qe2 Nd6 14. Bg5 Re8
15. Rfd1 Nd7 16. Bf4 Nb6 17. Rac1 a6 18. Ne4 Nf5 19. Bc7 Qd7 20. Bxb6 Qa4 21.
b3 Qb4 22. Bc5 Qa5 23. Qd2 Qd8 24. d6 exd6 25. Nxd6 Bh6 26. Qc3 Bg7 27. Nxe8
Qxd1+ 28. Bxd1 Bxc3 29. Rxc3 Rxe8 30. Bg4 Ng7 31. Bd4 f5 32. Bxg7 fxg4 33. Bd4
Rd8 34. Be3 gxh3 35. gxh3 Rd7 36. Bf4 Kf7 37. Rc7 Rxc7 38. Bxc7 Ke6 39. a4 Kd5
40. b4 Kc4 41. Bd6 Kd5 42. Bc5 Kc4 43. a5 Kd5 44. Kg2 Ke4 45. Kg3 Kf5 46. Kf3
Kg5 47. Be7+ Kf5 48. Ke3 Ke5 49. Bd8 h6 50. f4+ Kd5 1-0

[Event "Open Lega"]
[Site "Treviso ITA"]
[Date "1996.??.??"]
[Round "3"]
[White "Belloni, Umberto"]
[Black "Cosma, Bruno"]
[Result "1-0"]
[WhiteElo "1731"]
[BlackElo "1680"]
[PlyCount "151"]
[EventDate "1996.??.??"]

1. e4 g6 2. d4 d6 3. Be2 c6 4. Nf3 Bg7 5. c3 Nf6 6. Qc2 O-O 7. O-O Nbd7 8. Nbd2
e5 9. dxe5 dxe5 10. Nc4 Qe7 11. Bg5 b5 12. Na5 Qe6 13. Bxf6 Bxf6 14. Rfd1 Bd8
15. Nb3 Bb6 16. c4 a6 17. Ng5 Qe7 18. Qd2 Qf6 19. Nf3 Re8 20. Rac1 Nf8 21. Qd6
Re6 22. Qd2 Bb7 23. c5 Bc7 24. Qe3 Ree8 25. Qc3 Rad8 26. Na5 Bc8 27. b4 g5 28.
Qe3 h6 29. Nb3 Ng6 30. g3 Kh8 31. Rxd8 Rxd8 32. Rd1 Bh3 33. Rxd8+ Qxd8 34. Qd3
Qf6 35. Nbd2 Nf8 36. a4 Kg7 37. axb5 axb5 38. Nb3 Qe7 39. Bf1 Be6 40. Nfd2 Qd7
41. f3 Kf6 42. Qxd7 Bxd7 43. Kf2 Ne6 44. Ke3 Kg6 45. Bh3 Kf6 46. Bxe6 Kxe6 47.
g4 Kf6 48. Kd3 Kg6 49. Kc3 h5 50. h3 hxg4 51. hxg4 Kf6 52. Na5 Ke7 53. Nf1 Be8
54. Ng3 f6 55. Nf5+ Kd7 56. Nh6 Bd8 57. Nb7 Be7 58. Ng8 Ke6 59. Nh6 Kd7 60. Nf5
Bf7 61. Na5 Bd8 62. Nd6 Be6 63. Nb3 Be7 64. Nf5 Bc4 65. Nd2 Be2 66. Ng3 Bd1 67.
Kb2 Ke6 68. Kc1 Ba4 69. Ne2 Bd8 70. Nc3 Kd7 71. Kb2 Kc7 72. Nxa4 bxa4 73. Ka3
Be7 74. Kxa4 Kb7 75. Nb3 Ka6 76. Na5 1-0

[Event "Open Lega"]
[Site "Treviso ITA"]
[Date "1996.??.??"]
[Round "3"]
[White "Bettio, Umberto"]
[Black "Liubich, Fabrizio"]
[Result "1/2-1/2"]
[WhiteElo "1806"]
[BlackElo "1456"]
[PlyCount "71"]
[EventDate "1996.??.??"]

1. e4 c5 2. Nf3 d6 3. d4 cxd4 4. Nxd4 Nf6 5. Nc3 a6 6. Be2 e5 7. Nf3 Be7 8. O-O
O-O 9. Bg5 Be6 10. Bxf6 Bxf6 11. Nd5 Bxd5 12. Qxd5 Qc7 13. Bc4 Nd7 14. Bb3 Rac8
15. Rfd1 Be7 16. Qd3 Nc5 17. Qd5 Qc6 18. Re1 Nxb3 19. Qxb3 Rc7 20. c3 b5 21.
Rad1 Rb8 22. Nd2 b4 23. Nf1 Qc4 24. Ne3 Qxb3 25. axb3 bxc3 26. bxc3 Rxb3 27.
Nd5 Rcb7 28. Ra1 Ra7 29. Nxe7+ Rxe7 30. Rxa6 g6 31. Rxd6 Rxc3 32. Rd2 Rc5 33.
g3 Rec7 34. Kg2 Kg7 35. Re3 h5 36. h4 1/2-1/2

[Event "Open Lega"]
[Site "Treviso ITA"]
[Date "1996.??.??"]
[Round "3"]
[White "Catturani, Emilio"]
[Black "Pastore, Mauro"]
[Result "1/2-1/2"]
[WhiteElo "1743"]
[BlackElo "1654"]
[PlyCount "32"]
[EventDate "1996.??.??"]

1. d4 Nf6 2. c4 g6 3. Nf3 Bg7 4. g3 O-O 5. Bg2 c6 6. Nc3 d5 7. cxd5 cxd5 8. O-O
Nc6 9. Bf4 Nh5 10. Bg5 h6 11. Bc1 Nf6 12. b3 Bf5 13. Bb2 Ne4 14. Nxe4 Bxe4 15.
Qd2 Rc8 16. Ne1 Bxg2 1/2-1/2

[Event "Open Lega"]
[Site "Treviso ITA"]
[Date "1996.??.??"]
[Round "3"]
[White "De Bortoli, Peter"]
[Black "Paris, Giorgio"]
[Result "1-0"]
[WhiteElo "1831"]
[BlackElo "1626"]
[PlyCount "75"]
[EventDate "1996.??.??"]

1. e4 e5 2. f4 d5 3. exd5 e4 4. Nc3 Nf6 5. Bc4 Bc5 6. d4 exd3 7. cxd3 Bg4 8.
Qa4+ Nbd7 9. Nge2 O-O 10. b4 Bb6 11. Qc2 Qe7 12. a3 Bd4 13. Ra2 Rfe8 14. Ne4
Nxe4 15. dxe4 Qxe4 16. Qxe4 Rxe4 17. Bd3 Re7 18. Kd2 Be3+ 19. Kc3 Nf6 20. Kc4
Nxd5 21. Kb3 Bxc1 22. Rxc1 Re3 23. Kc4 Be6 24. Kd4 Rd8 25. Rd2 Bg4 26. Nc3 c6
27. Nxd5 Re7 28. Rc5 Red7 29. Bc4 Be6 30. Ke5 Kf8 31. h3 Rd6 32. Nc7 Rxd2 33.
Bxe6 fxe6 34. Nxe6+ Ke7 35. Nxd8 Kxd8 36. g4 Rd3 37. Ra5 a6 38. h4 {...} 1-0

[Event "Open Lega"]
[Site "Treviso ITA"]
[Date "1996.??.??"]
[Round "3"]
[White "Pechy, Alaster"]
[Black "Baldi, Giancarlo"]
[Result "0-1"]
[WhiteElo "1630"]
[BlackElo "1597"]
[PlyCount "82"]
[EventDate "1996.??.??"]

1. b3 d5 2. Bb2 Nc6 3. e3 Nf6 4. Nf3 g6 5. c4 dxc4 6. Bxc4 Bg7 7. Nc3 O-O 8.
O-O Bf5 9. d4 a6 10. Rc1 Re8 11. h3 e5 12. dxe5 Nxe5 13. Nxe5 Rxe5 14. g4 Be4
15. Nxe4 Rxe4 16. Bxf6 Bxf6 17. Bd5 Re7 18. Bxb7 Rb8 19. Bxa6 Rd7 20. Qc2 Rb6
21. Bc4 Rbd6 22. a4 Rd2 23. Qe4 Bh4 24. Rc2 Rd1 25. Rxd1 Rxd1+ 26. Kg2 Qf6 27.
Qf3 Rg1+ 28. Kxg1 Qxf3 29. Rd2 Qxh3 30. a5 Qxg4+ 31. Kf1 Be7 32. a6 Bc5 33. Rd5
Qh3+ 34. Ke2 Bb6 35. Rd8+ Kg7 36. Ra8 Qg4+ 37. Kd2 Qf3 38. Rb8 Qxf2+ 39. Kc3
Qxe3+ 40. Kb2 h5 41. Rb7 h4 0-1

[Event "Open Lega"]
[Site "Treviso ITA"]
[Date "1996.??.??"]
[Round "3"]
[White "Pomaro, Stefano"]
[Black "Dal Maschio, Costantino"]
[Result "0-1"]
[WhiteElo "1634"]
[BlackElo "1639"]
[PlyCount "78"]
[EventDate "1996.??.??"]

1. e4 c5 2. b4 cxb4 3. a3 d6 4. Bc4 Nf6 5. Qe2 e6 6. Bb2 Be7 7. Nf3 O-O 8. O-O
Nc6 9. axb4 Nxb4 10. Na3 Bd7 11. d4 d5 12. exd5 Nfxd5 13. Bxd5 Nxd5 14. c4 Nb6
15. Rfd1 Na4 16. Ne5 Nxb2 17. Qxb2 Bxa3 18. Rxa3 f6 19. Nd3 b6 20. c5 Bc6 21.
Nf4 Bd5 22. Qe2 Re8 23. Rg3 Re7 24. h4 a5 25. h5 a4 26. h6 g5 27. Nh5 Rf7 28.
f4 a3 29. fxg5 fxg5 30. Qe5 Kf8 31. Rxg5 a2 32. Ra1 Qb8 33. Qh8+ Ke7 34. Qxb8
Rxb8 35. Rxd5 exd5 36. Rxa2 bxc5 37. Ra7+ Kf8 38. Rxf7+ Kxf7 39. dxc5 Rc8 0-1

[Event "Open Lega"]
[Site "Treviso ITA"]
[Date "1996.??.??"]
[Round "3"]
[White "Rubinato, Cristian"]
[Black "Cacco, Christian"]
[Result "0-1"]
[WhiteElo "1519"]
[BlackElo "1687"]
[PlyCount "90"]
[EventDate "1996.??.??"]

1. f4 d5 2. Nf3 Nf6 3. e3 c5 4. b3 g6 5. Bb2 Bg7 6. Bb5+ Bd7 7. Bxd7+ Nbxd7 8.
O-O O-O 9. d3 b5 10. Nbd2 Qb6 11. Qe2 Rfe8 12. c4 bxc4 13. dxc4 e6 14. e4 Nf8
15. e5 N6d7 16. Rfd1 Rad8 17. Qf2 Nb8 18. Ne1 Na6 19. Nd3 Nd7 20. cxd5 exd5 21.
Rac1 Rc8 22. Nf3 Qa5 23. Bc3 Qb5 24. f5 d4 25. f6 dxc3 26. fxg7 Kxg7 27. Ng5
Re7 28. e6 fxe6 29. Nf4 Nf8 30. Qh4 Rce8 31. Rf1 Nc7 32. Ne4 Qb6 33. Qf6+ Kg8
34. Qxc3 Nd7 35. Nf6+ Nxf6 36. Qxf6 Nd5 37. Qe5 Nxf4 38. Rxf4 c4+ 39. Kh1 cxb3
40. axb3 Qxb3 41. h3 Qd5 42. Qc3 e5 43. Rff1 Rd7 44. Rce1 Qd4 45. Qc6 e4 0-1

[Event "Open Lega"]
[Site "Treviso ITA"]
[Date "1996.??.??"]
[Round "3"]
[White "Saponara, Nicola"]
[Black "Chiodini, Pietro"]
[Result "1-0"]
[WhiteElo "1666"]
[BlackElo "1594"]
[PlyCount "59"]
[EventDate "1996.??.??"]

1. e4 d6 2. f4 g6 3. Nf3 Bg7 4. d4 Bg4 5. Bc4 Bxf3 6. gxf3 e5 7. dxe5 Qh4+ 8.
Ke2 Nc6 9. Qd5 Nh6 10. exd6 O-O-O 11. c3 Rxd6 12. Qg5 Qh3 13. Be3 Qd7 14. Nd2
Re8 15. Rad1 f6 16. Qb5 Rd8 17. Qc5 Ng4 18. fxg4 Qxg4+ 19. Ke1 b6 20. Qb5 Rxd2
21. Rxd2 Qf3 22. Be6+ Kb7 23. Rxd8 Qxh1+ 24. Kd2 Nxd8 25. Qd5+ Nc6 26. Qd7 Qg2+
27. Kc1 Qf1+ 28. Kc2 Qe2+ 29. Kb1 Qxe3 30. Qc8# 1-0

[Event "Open Lega"]
[Site "Treviso ITA"]
[Date "1996.??.??"]
[Round "4"]
[White "Alburno, Franco"]
[Black "Moschini, Costantino"]
[Result "0-1"]
[WhiteElo "1516"]
[BlackElo "1480"]
[PlyCount "70"]
[EventDate "1996.??.??"]

1. e4 d6 2. d4 Nf6 3. Nc3 g6 4. Be2 Bg7 5. Be3 O-O 6. Qd2 e5 7. d5 Nbd7 8. Bh6
Nc5 9. f3 Nfxe4 10. fxe4 Qh4+ 11. g3 Qxh6 12. Qxh6 Bxh6 13. g4 a6 14. Nh3 f6
15. b4 Nd7 16. Rg1 Be3 17. Rg3 Bd4 18. Kd2 b5 19. Rf1 Nb6 20. Nf2 Nc4+ 21. Bxc4
bxc4 22. h4 Bd7 23. Ne2 Bb5 24. c3 Bb6 25. Nh3 a5 26. Ra1 axb4 27. cxb4 Ra4 28.
a3 Rfa8 29. g5 c3+ 30. Nxc3 Rxa3 31. Rc1 Bd7 32. gxf6 Bxh3 33. Rxh3 Rf8 34. Rf3
Bd4 35. Rg1 Bxg1 0-1

[Event "Open Lega"]
[Site "Treviso ITA"]
[Date "1996.??.??"]
[Round "4"]
[White "Cacco, Christian"]
[Black "Dal Maschio, Costantino"]
[Result "1-0"]
[WhiteElo "1687"]
[BlackElo "1639"]
[PlyCount "57"]
[EventDate "1996.??.??"]

1. d4 Nf6 2. Nf3 d5 3. c4 e6 4. Bg5 Be7 5. Nc3 O-O 6. e3 c6 7. Bd3 dxc4 8. Bxc4
Nd5 9. Bxe7 Qxe7 10. Bd3 c5 11. O-O Nd7 12. a3 cxd4 13. exd4 Nxc3 14. bxc3 Nf6
15. Qc2 b6 16. Rfe1 Bb7 17. Ne5 g6 18. Qd2 Kg7 19. a4 h5 20. a5 bxa5 21. Rxa5
Ng4 22. h3 Nxe5 23. Rexe5 Qh4 24. Qe3 Rfd8 25. Kh2 Rd5 26. Raxd5 Bxd5 27. Rg5
f5 28. g3 Qxg5 29. Qxg5 1-0

[Event "Open Lega"]
[Site "Treviso ITA"]
[Date "1996.??.??"]
[Round "4"]
[White "Chiodini, Pietro"]
[Black "Pomaro, Stefano"]
[Result "1/2-1/2"]
[WhiteElo "1594"]
[BlackElo "1634"]
[PlyCount "90"]
[EventDate "1996.??.??"]

1. e4 c6 2. d4 d5 3. Nc3 dxe4 4. Nxe4 Nf6 5. Nxf6+ gxf6 6. Bc4 Bf5 7. Ne2 Nd7
8. Ng3 Bg6 9. h4 h5 10. c3 Qc7 11. Be2 O-O-O 12. Bxh5 Bxh5 13. Nxh5 Qa5 14. Ng3
e5 15. Be3 exd4 16. Bxd4 c5 17. Be3 Ne5 18. Qc2 Nd3+ 19. Kf1 c4 20. Bd4 Be7 21.
b3 b5 22. Nf5 Qc7 23. bxc4 bxc4 24. Qa4 Rd7 25. Nxe7+ Rxe7 26. Bxf6 Rhe8 27.
Bxe7 Rxe7 28. Qa6+ Kd8 29. Qf6 Qb7 30. Rh3 Qb2 31. Rd1 Qe2+ 32. Kg1 Qxd1+ 33.
Kh2 Qh5 34. Re3 Qc5 35. h5 Qxh5+ 36. Kg1 Qc5 37. Re4 Ke8 38. Qh8+ Kd7 39. Rd4+
Kc6 40. Qc8+ Kb5 41. Qb8+ Ka4 42. Qb3+ Ka5 43. Qxc4 Qxc4 44. Rxc4 Kb5 45. Rh4
Re1+ 1/2-1/2

[Event "Open Lega"]
[Site "Treviso ITA"]
[Date "1996.??.??"]
[Round "4"]
[White "Conz, Flavio"]
[Black "Rubinato, Cristian"]
[Result "1-0"]
[WhiteElo "1597"]
[BlackElo "1519"]
[PlyCount "57"]
[EventDate "1996.??.??"]

1. Nf3 h6 2. e4 g5 3. Bc4 Bg7 4. c3 c6 5. d4 d5 6. exd5 cxd5 7. Bd3 Nc6 8. Be3
Bg4 9. h3 Be6 10. Nbd2 Rc8 11. Nb3 Nf6 12. Nc5 Nd7 13. Nxe6 fxe6 14. Bg6+ Kf8
15. g4 Bf6 16. h4 Kg7 17. Bh5 e5 18. hxg5 hxg5 19. Bxg5 exd4 20. Bxf6+ exf6 21.
Nxd4 Qe7+ 22. Kf1 Nxd4 23. Qxd4 Rc4 24. Qxd5 Ne5 25. Rd1 Qc7 26. Rg1 Rf4 27.
Rg2 Rf8 28. Rg3 Qb6 29. Rd2 1-0

[Event "Open Lega"]
[Site "Treviso ITA"]
[Date "1996.??.??"]
[Round "4"]
[White "Cosma, Bruno"]
[Black "Buso, Giuseppe"]
[Result "1-0"]
[WhiteElo "1680"]
[BlackElo "1453"]
[PlyCount "81"]
[EventDate "1996.??.??"]

1. Nf3 Nf6 2. d4 d5 3. Bf4 e6 4. e3 Be7 5. Bd3 Nc6 6. c3 O-O 7. Nbd2 Bd6 8. Ne5
Ne7 9. h3 a6 10. O-O Bxe5 11. dxe5 Nd7 12. Qh5 Ng6 13. Bg5 f6 14. exf6 Nxf6 15.
Qe2 Qe8 16. e4 dxe4 17. Nxe4 Nxe4 18. Qxe4 Qf7 19. Rad1 Qf5 20. Be3 Qxe4 21.
Bxe4 Ne7 22. Bc5 Re8 23. Rd3 Nc6 24. Rfd1 g6 25. h4 Kg7 26. h5 g5 27. Rg3 h6
28. f4 Kf6 29. fxg5+ hxg5 30. Bg6 Rd8 31. Rf1+ Kg7 32. Rf7+ Kg8 33. h6 Ne5 34.
h7+ Kh8 35. Bd4 Rxd4 36. cxd4 Nxf7 37. Bxf7 Kxh7 38. Rxg5 Bd7 39. Re5 Kg7 40.
Bxe6 Rd8 41. Rd5 1-0

[Event "Open Lega"]
[Site "Treviso ITA"]
[Date "1996.??.??"]
[Round "4"]
[White "Danese, Aldo"]
[Black "Bettio, Umberto"]
[Result "0-1"]
[WhiteElo "1603"]
[BlackElo "1806"]
[PlyCount "84"]
[EventDate "1996.??.??"]

1. Nc3 e5 2. e4 Nf6 3. Be2 Bb4 4. d3 d5 5. exd5 Nxd5 6. Bd2 Nxc3 7. bxc3 Bd6 8.
Nf3 Nc6 9. Bg5 Qd7 10. Nd2 O-O 11. Ne4 Be7 12. Be3 f5 13. Nc5 Qd6 14. Nb3 b6
15. Bf3 Be6 16. O-O Rad8 17. Qc1 f4 18. Bd2 a5 19. a4 Bxb3 20. cxb3 Qxd3 21.
Bxf4 Rxf4 22. Bxc6 Bc5 23. Qe1 Rdf8 24. Ra2 e4 25. Kh1 e3 26. f3 R4f6 27. Bb5
Qd6 28. Bc4+ Kh8 29. Qe2 Rh6 30. g4 Qf4 31. Bd5 Bd6 32. Rd1 Qg5 33. Qe1 Qe5 34.
h4 Qe7 35. h5 g6 36. Rd3 gxh5 37. g5 Qxg5 38. Rg2 Qf5 39. Be4 Qh3+ 40. Kg1 Rhf6
41. Qe2 Rf4 42. Kf1 Rxe4 0-1

[Event "Open Lega"]
[Site "Treviso ITA"]
[Date "1996.??.??"]
[Round "4"]
[White "De Bortoli, Peter"]
[Black "Busi, Massimo"]
[Result "1-0"]
[WhiteElo "1831"]
[BlackElo "1666"]
[PlyCount "111"]
[EventDate "1996.??.??"]

1. e4 e5 2. Bc4 Nf6 3. d3 Bc5 4. Nc3 h6 5. f4 d5 6. Nxd5 Ng4 7. Nh3 c6 8. Nc3
Qh4+ 9. Kd2 exf4 10. Qe1 Nf2 11. Nxf2 Bxf2 12. Qf1 Bg4 13. Nd1 Bxd1 14. Kxd1 g5
15. Bd2 Qg4+ 16. Qe2 Qxg2 17. Rf1 Qxh2 18. Qxf2 Qh5+ 19. Qf3 Qxf3+ 20. Rxf3 Nd7
21. Bc3 Rh7 22. d4 Nf8 23. Bd3 h5 24. d5 Ng6 25. dxc6 bxc6 26. e5 Rh6 27. e6
Nh4 28. exf7+ Kxf7 29. Rf2 Rd8 30. Ke1 f3 31. Kf1 g4 32. Bd2 Rhh8 33. Bg5 g3
34. Bxh4 gxf2 35. Bxd8 Rxd8 36. Kxf2 Kf6 37. Rg1 h4 38. Kxf3 Rh8 39. Kf4 Kf7
40. Be4 c5 41. Ke5 Rh5+ 42. Kd6 Kf6 43. Rf1+ Kg7 44. Rf5 Rh6+ 45. Kxc5 h3 46.
Rf1 h2 47. c4 Rh5+ 48. Bd5 Kg6 49. b4 Kg5 50. a4 Kg4 51. a5 Rh6 52. b5 Kh4 53.
b6 axb6+ 54. axb6 Rg6 55. Kb5 Rg1 56. Rf8 1-0

[Event "Open Lega"]
[Site "Treviso ITA"]
[Date "1996.??.??"]
[Round "4"]
[White "Liubich, Fabrizio"]
[Black "Baldi, Giancarlo"]
[Result "1-0"]
[WhiteElo "1456"]
[BlackElo "1597"]
[PlyCount "63"]
[EventDate "1996.??.??"]

1. d4 Nf6 2. c4 g6 3. Nc3 d5 4. Nf3 Bg7 5. cxd5 Nxd5 6. Qb3 Nxc3 7. bxc3 O-O 8.
e3 Nc6 9. Ba3 b6 10. Be2 Bb7 11. O-O Re8 12. Rad1 e6 13. Qc2 Ne7 14. e4 f5 15.
Bc4 fxe4 16. Bxe6+ Kh8 17. Ng5 Rf8 18. Nf7+ Rxf7 19. Bxf7 Nf5 20. d5 Nd6 21.
Bxd6 Qxd6 22. Qxe4 Rf8 23. Be6 Bxc3 24. Rd3 Rf4 25. Qe3 Bg7 26. Rd2 c5 27. dxc6
Qxc6 28. Rd8+ Rf8 29. Rxf8+ Bxf8 30. Qd4+ Bg7 31. Qd8+ Bf8 32. Qxf8# 1-0

[Event "Open Lega"]
[Site "Treviso ITA"]
[Date "1996.??.??"]
[Round "4"]
[White "Paris, Giorgio"]
[Black "Belloni, Umberto"]
[Result "0-1"]
[WhiteElo "1626"]
[BlackElo "1731"]
[PlyCount "50"]
[EventDate "1996.??.??"]

1. e4 c6 2. d4 d5 3. Nc3 dxe4 4. Nxe4 Nf6 5. Nxf6+ exf6 6. Nf3 Bd6 7. Qe2+ Qe7
8. Qxe7+ Kxe7 9. Bd3 Re8 10. O-O Kf8 11. Bxh7 Bg4 12. Nh4 Na6 13. Bf5 Be2 14.
Re1 g6 15. Bh3 Nb4 16. Bh6+ Kg8 17. Rec1 g5 18. a3 Bf4 19. Nf5 Bxc1 20. Rxc1
Nxc2 21. Rxc2 Bd1 22. Ne3 Rxe3 23. fxe3 Bxc2 24. Kf2 Kh7 25. Bxg5 fxg5 0-1

[Event "Open Lega"]
[Site "Treviso ITA"]
[Date "1996.??.??"]
[Round "4"]
[White "Pastore, Mauro"]
[Black "Aminta, Antonio"]
[Result "1/2-1/2"]
[WhiteElo "1654"]
[BlackElo "1663"]
[PlyCount "59"]
[EventDate "1996.??.??"]

1. d4 Nf6 2. c4 c5 3. d5 e6 4. Nc3 exd5 5. cxd5 d6 6. Nf3 g6 7. Bg5 h6 8. Bh4
g5 9. Bg3 Nh5 10. e4 Nxg3 11. hxg3 Bg7 12. Be2 O-O 13. O-O Nd7 14. Re1 a6 15.
a4 Ne5 16. Nxe5 Bxe5 17. Bg4 Qf6 18. Bxc8 Raxc8 19. Qf3 Qg7 20. Ra3 Rb8 21. a5
b5 22. axb6 Rxb6 23. Re2 Rfb8 24. Ra2 a5 25. Rxa5 Rxb2 26. Rxb2 Rxb2 27. Ra8+
Kh7 28. Ra7 Kg8 29. Ra8+ Kh7 30. Ra7 1/2-1/2

[Event "Open Lega"]
[Site "Treviso ITA"]
[Date "1996.??.??"]
[Round "5"]
[White "Badiale, Riccardo"]
[Black "Maccapan, Fabio"]
[Result "0-1"]
[WhiteElo "1695"]
[BlackElo "1825"]
[PlyCount "67"]
[EventDate "1996.??.??"]

1. d4 e6 2. c4 f5 3. g3 Nf6 4. Bg2 c6 5. Nc3 d5 6. e3 Bd6 7. Nf3 Nbd7 8. O-O
O-O 9. b3 Ne4 10. Qc2 g5 11. Ne2 Qf6 12. Nd2 g4 13. Bb2 h5 14. f3 Nxd2 15. Qxd2
Qh6 16. f4 Nf6 17. a4 h4 18. Nc3 Kg7 19. Kf2 Rh8 20. c5 Bc7 21. b4 Bd7 22. Qe2
Qg6 23. Rh1 Rh5 24. Rag1 Rah8 25. Qd1 Qe8 26. Qe2 R8h7 27. Qd3 Kf7 28. Ba1 Qb8
29. Bb2 b6 30. b5 bxc5 31. dxc5 Ba5 32. Rb1 Qa8 33. Rhg1 hxg3+ 34. hxg3 {...}
0-1

[Event "Open Lega"]
[Site "Treviso ITA"]
[Date "1996.??.??"]
[Round "5"]
[White "Belloni, Umberto"]
[Black "Pomaro, Stefano"]
[Result "1-0"]
[WhiteElo "1731"]
[BlackElo "1634"]
[PlyCount "61"]
[EventDate "1996.??.??"]

1. e4 c6 2. d4 d5 3. exd5 cxd5 4. Bd3 Nc6 5. c3 Nf6 6. Nf3 Bg4 7. h3 Bh5 8. Qa4
Bxf3 9. gxf3 e6 10. Na3 a6 11. Bg5 Be7 12. Qc2 h6 13. Bf4 Qa5 14. O-O Bxa3 15.
bxa3 Qxa3 16. Qd2 Rc8 17. Rab1 b5 18. Rb3 Qa5 19. a3 g5 20. Be3 Kd7 21. Rfb1 e5
22. dxe5 Nxe5 23. Be2 Rhe8 24. Bd4 Re6 25. Qc2 Nc4 26. Rd1 Ke7 27. Bxc4 dxc4
28. Rbb1 Qc7 29. Qf5 Qf4 30. Bxf6+ Rxf6 31. Qxc8 1-0

[Event "Open Lega"]
[Site "Treviso ITA"]
[Date "1996.??.??"]
[Round "5"]
[White "Busi, Massimo"]
[Black "Bettio, Umberto"]
[Result "1/2-1/2"]
[WhiteElo "1666"]
[BlackElo "1806"]
[PlyCount "73"]
[EventDate "1996.??.??"]

1. e4 e6 2. Nf3 d5 3. Nc3 Nf6 4. exd5 exd5 5. d4 Bd6 6. Bg5 c6 7. Bd3 O-O 8.
O-O Bg4 9. h3 Bh5 10. g4 Bg6 11. Ne5 Be7 12. Nxg6 fxg6 13. Be3 Nbd7 14. Ne2 Bd6
15. Nf4 Qe7 16. c4 Ne4 17. Ng2 Ng5 18. Bxg5 Qxg5 19. Qc1 Qf6 20. Qc3 Qf3 21.
Bc2 Qxc3 22. bxc3 dxc4 23. Ne3 b5 24. Be4 Rac8 25. a4 a6 26. axb5 axb5 27. Ra6
Nb8 28. Ra7 Rce8 29. Bg2 Re7 30. Rfa1 Rxa7 31. Rxa7 Re8 32. Kf1 Be7 33. Rc7 Bg5
34. Ke2 Bf4 35. Rb7 Bd6 36. Kd2 Re7 37. Rb6 1/2-1/2

[Event "Open Lega"]
[Site "Treviso ITA"]
[Date "1996.??.??"]
[Round "5"]
[White "Catturani, Emilio"]
[Black "Liubich, Fabrizio"]
[Result "1-0"]
[WhiteElo "1743"]
[BlackElo "1456"]
[PlyCount "70"]
[EventDate "1996.??.??"]

1. d4 Nf6 2. c4 g6 3. Nf3 d5 4. Nc3 Bg7 5. g3 O-O 6. Bg2 c6 7. O-O Nbd7 8. b3
Re8 9. Bb2 Nb6 10. cxd5 cxd5 11. Rc1 Bd7 12. Ne5 Rc8 13. e4 Bc6 14. Qe2 e6 15.
Nb5 Bxb5 16. Qxb5 Nxe4 17. Rxc8 Qxc8 18. Rc1 Qd8 19. a4 Nd6 20. Qc5 Bf8 21. Qa5
Qb8 22. Nd3 Nd7 23. Nc5 Nxc5 24. dxc5 b6 25. Qc3 d4 26. Qxd4 e5 27. Qd5 Nf5 28.
c6 Qc7 29. Qd7 Rc8 30. Qxc7 Rxc7 31. Bxe5 Bd6 32. Bf6 Kf8 33. Rd1 h5 34. h3 Be7
35. Be5 Rc8 1-0

[Event "Open Lega"]
[Site "Treviso ITA"]
[Date "1996.??.??"]
[Round "5"]
[White "Dal Maschio, Costantino"]
[Black "Roberti, Ignazio"]
[Result "1-0"]
[WhiteElo "1639"]
[BlackElo "1760"]
[PlyCount "89"]
[EventDate "1996.??.??"]

1. e4 e6 2. d4 d5 3. Nd2 c5 4. exd5 exd5 5. Ngf3 Nf6 6. Bb5+ Nc6 7. O-O Be7 8.
dxc5 Bxc5 9. Qe2+ Kf8 10. Nb3 Bb6 11. Bg5 h6 12. Bh4 g5 13. Bg3 Bg4 14. Bxc6
bxc6 15. Qe5 Bxf3 16. gxf3 Rg8 17. Nd4 Bxd4 18. Qxd4 Nh5 19. Qc5+ Kg7 20. Be5+
f6 21. Bd4 Qd7 22. Rfe1 Kf7 23. Kh1 Nf4 24. Re3 Ne6 25. Qc3 Nxd4 26. Qxd4 Rge8
27. Rae1 Rxe3 28. Rxe3 Qh3 29. Kg1 Qd7 30. Qd3 Kg7 31. Qa3 Kf7 32. Qd3 Kg7 33.
c4 d4 34. Qd2 c5 35. Ra3 Rb8 36. Qe2 Rb7 37. Ra6 Rb6 38. Ra5 Qc7 39. Ra3 Kf7
40. Qe4 Kg7 41. f4 Rd6 42. fxg5 hxg5 43. Rh3 Kg8 44. Qg6+ Qg7 45. Qe8+ 1-0

[Event "Open Lega"]
[Site "Treviso ITA"]
[Date "1996.??.??"]
[Round "5"]
[White "De Bortoli, Peter"]
[Black "Conz, Flavio"]
[Result "1-0"]
[WhiteElo "1831"]
[BlackElo "1597"]
[PlyCount "65"]
[EventDate "1996.??.??"]

1. e4 c5 2. Nf3 d6 3. d4 cxd4 4. Nxd4 Nf6 5. Nc3 a6 6. Bc4 e6 7. O-O Qc7 8. Bb3
Be7 9. f4 O-O 10. Be3 Nc6 11. f5 Nxd4 12. Bxd4 Bd7 13. g4 h6 14. h4 Nh7 15. Qe1
Bf6 16. Be3 Bxc3 17. bxc3 Rac8 18. g5 Kh8 19. gxh6 Rg8 20. Kh2 gxh6 21. fxe6
fxe6 22. Bd4+ e5 23. Bxg8 Rxg8 24. Bf2 Qc4 25. Qe3 Rg6 26. Rg1 Rf6 27. Rg2 Be6
28. Rag1 Rf8 29. Qg3 Ng5 30. hxg5 hxg5 31. Rh1 Rf6 32. Kg1+ Rh6 33. Rxh6+ 1-0

[Event "Open Lega"]
[Site "Treviso ITA"]
[Date "1996.??.??"]
[Round "5"]
[White "Moschini, Costantino"]
[Black "Pastore, Mauro"]
[Result "0-1"]
[WhiteElo "1480"]
[BlackElo "1654"]
[PlyCount "42"]
[EventDate "1996.??.??"]

1. d4 Nf6 2. Nf3 g6 3. c3 Bg7 4. Bg5 Ne4 5. Bh4 O-O 6. Nbd2 d5 7. e3 Bg4 8. Qb3
Nxd2 9. Nxd2 b6 10. f3 Bf5 11. g4 Bc8 12. Be2 Bb7 13. Bg3 Nd7 14. g5 e5 15. h4
exd4 16. cxd4 c5 17. Rc1 cxd4 18. Rc7 dxe3 19. Nb1 Nc5 20. Qc2 d4 21. O-O 21...
Rc8 {...} 0-1

[Event "Open Lega"]
[Site "Treviso ITA"]
[Date "1996.??.??"]
[Round "5"]
[White "Pechy, Alaster"]
[Black "Paris, Giorgio"]
[Result "1/2-1/2"]
[WhiteElo "1630"]
[BlackElo "1626"]
[PlyCount "70"]
[EventDate "1996.??.??"]

1. b3 e5 2. Bb2 Nc6 3. c4 Bc5 4. Nc3 d6 5. g3 Nf6 6. Bg2 Bf5 7. Nf3 O-O 8. O-O
Qd7 9. e3 Bd3 10. Ne2 Nb4 11. Ne1 Qg4 12. Nxd3 Nxd3 13. Bc3 c6 14. Nc1 Qg6 15.
Nxd3 Qxd3 16. Qb1 Qxb1 17. Raxb1 Rfe8 18. b4 Bb6 19. c5 dxc5 20. bxc5 Bxc5 21.
Rxb7 Nd5 22. Bxd5 cxd5 23. d4 exd4 24. Bxd4 Bxd4 25. exd4 Re2 26. Rfb1 g6 27.
Rd7 Rxa2 28. Rxd5 a5 29. Rd7 a4 30. Rbb7 Rf8 31. Ra7 a3 32. d5 Ra1+ 33. Kg2 a2
34. d6 Kg7 35. Rdc7 Rd1 1/2-1/2

[Event "Open Lega"]
[Site "Treviso ITA"]
[Date "1996.??.??"]
[Round "5"]
[White "Saponara, Nicola"]
[Black "Cacco, Christian"]
[Result "0-1"]
[WhiteElo "1666"]
[BlackElo "1687"]
[PlyCount "118"]
[EventDate "1996.??.??"]

1. e4 c5 2. f4 Nc6 3. Nf3 d6 4. c3 e5 5. fxe5 dxe5 6. Bc4 Bd6 7. O-O Nf6 8. d3
O-O 9. Bg5 Be7 10. Bb5 Bg4 11. Bxc6 bxc6 12. Qc2 Bxf3 13. Rxf3 Nd7 14. Be3 Nb6
15. Nd2 Qc7 16. Rg3 Kh8 17. Nf3 Rad8 18. Rh3 Qd6 19. Rd1 Bf6 20. Qf2 Nd7 21.
Ng5 Bxg5 22. Bxg5 Rde8 23. Qf5 h6 24. Rf1 Qe6 25. Qf2 Kg8 26. Be3 Qd6 27. Rg3
Re6 28. Qd2 Rd8 29. Rf5 Rg6 30. Rgf3 Nf6 31. Bf2 Nxe4 32. Qe3 Ng5 33. Rg3 e4
34. dxe4 Qe6 35. Rxc5 Nxe4 36. Rxg6 Qxg6 37. Re5 Nxf2 38. Kxf2 Qc2+ 39. Qe2 Rd2
40. Kf3 Rxe2 41. Rxe2 Qf5+ 42. Ke3 Qe6+ 43. Kd3 Qxa2 44. c4 Qb3+ 45. Kd4 Qb6+
46. Kc3 c5 47. g4 Qb4+ 48. Kd3 Qb3+ 49. Ke4 Qxc4+ 50. Kf3 a5 51. h4 a4 52. h5
Qb3+ 53. Kf4 a3 54. bxa3 Qxa3 55. Re4 Qc1+ 56. Ke5 c4 57. Kd4 c3 58. Re8+ Kh7
59. Rc8 c2 0-1